000
00242nam a22000857a 4500
008
160712b xxu||||| |||| 00| 0 eng d
100
_9
2622
_a
Dreamland
245
_a
The Sly Fox and the Little Red Hen
260
_a
New Delhi
_b
Dreamland Publication
999
_c
2276
_d
2276